Lyrics to Falling by Harry Styles - Statistics

General Stats
  • This quiz has been taken 4,892 times
  • The average score is 212 of 242
Answer Stats
Lyric % Correct
I
100%
I'm
98%
Im
98%
fallin'
97%
falllin'
97%
you
97%
You
97%
no
95%
again
94%
And
94%
and
94%
in
93%
the
93%
my
92%
not
92%
what
92%
What
92%
bed
91%
falling
91%
falling'
91%
here
91%
to
91%
me
90%
you're
90%
am
89%
if
89%
now?
88%
someone
87%
don't
86%
about?
85%
about
85%
it
85%
out?
85%
out
85%
want
85%
around?
83%
one
83%
said
83%
but
82%
can
82%
drink
82%
talk
82%
there's
82%
blame
80%
down?
80%
won't
79%
It's
78%
meant
78%
hands
77%
that
77%
too
77%
we
77%
Forget
76%
can't
75%
Cafe
74%
care
74%
at
72%
Beachwood
72%
missed
71%
wandering
71%
songs
70%
take
70%
back
69%
many
69%
kills
68%
left
68%
write
68%
aware
66%
coffee's
66%
never
65%
well
65%
know
64%
say
63%
unpack
63%
feeling
62%
'cause
61%
get
61%
need
61%
things
60%
baggage
59%
you'll
58%
of
57%
we've
49%
just
48%
ran
42%
No matching quizzes found
Score Distribution
Percent of People with Each Score
Percentile by Number Answered
Your Score History
You have not taken this quiz